Every UEFA Europa League Goalscorer (2024/25) - Statistics

General Stats
  • This quiz has been taken 67 times
    15 since last reset
  • The average score is 45 of 293
Answer Stats
Team Goals Nationality Player % Correct
TOTTENHAM HOTSPUR 3 Welsh Brennan Johnson
75%
TOTTENHAM HOTSPUR 3 Korean Heung-Min Son
75%
MANCHESTER UNITED 1 Argentinian Alejandro Garnacho
63%
LAZIO 3 Senegalese Boulaye Dia
63%
MANCHESTER UNITED 5 Portuguese Bruno Fernandes
63%
MANCHESTER UNITED 2 Danish Christian Eriksen
63%
LUDOGORETS 1 Brazilian Erick
63%
BEŞIKTAŞ 2 Portuguese Gedson Fernandes
63%
EINTRACHT FRANKFURT 4 French Hugo Ekitiké
63%
ATHLETIC CLUB 5 Ghanaian Iñaki Williams
63%
TOTTENHAM HOTSPUR 2 English James Maddison
63%
MANCHESTER UNITED 1 French Leny Yoro
63%
ATHLETIC CLUB 5 Spanish Nico Williams
63%
EINTRACHT FRANKFURT 4 Egyptian Omar Marmoush
63%
BODØ/GLIMT 2 Norwegian Patrick Berg
63%
ROMA 2 Argentinian Paulo Dybala
63%
TOTTENHAM HOTSPUR 1 Spanish Pedro Porro
63%
MANCHESTER UNITED 5 Danish Rasmus Højlund
63%
OLYMPIQUE LYON 4 French Rayan Cherki
63%
TOTTENHAM HOTSPUR 1 Brazilian Richarlison
63%
OLYMPIQUE LYON 4 French Alexandre Lacazette
50%
MANCHESTER UNITED 2 Ivorian Amad Diallo
50%
ROMA 2 Ukrainian Artem Dovbyk
50%
AJAX 2 Dutch Brian Brobbey
50%
TOTTENHAM HOTSPUR 1 Swedish Dejan Kuluševski
50%
MANCHESTER UNITED 3 Portuguese Diogo Dalot
50%
TOTTENHAM HOTSPUR 3 English Dominic Solanke
50%
FENERBAHÇE 2 Serbian Dušan Tadić
50%
FENERBAHÇE 3 Bosnian Edin Džeko
50%
MANCHESTER UNITED 2 English Harry Maguire
50%
MANCHESTER UNITED 2 English Kobe Mainoo
50%
ROMA 1 Italian Lorenzo Pellegrini
50%
MANCHESTER UNITED 1 Uruguayan Manuel Ugarte
50%
REAL SOCIEDAD 5 Spanish Mikel Oyarzábal
50%
ATHLETIC CLUB 2 Spanish Oihan Sancet
50%
TOTTENHAM HOTSPUR 2 Senegalese Pape Sarr
50%
LAZIO 4 Spanish Pedro Rodríguez
50%
PORTO 6 Spanish Samu Aghehowa
50%
REAL SOCIEDAD 3 Japanese Takefusa Kubo
50%
GALATASARAY 5 Nigerian Victor Osimhen
50%
TOTTENHAM HOTSPUR 2 French Wilson Odobert
50%
AZ ALKMAAR 1 Dutch Zangelo Daal
50%
FERENCVÁROS 2 Malian Adama Traoré
38%
HOFFENHEIM 3 Czech Adam Hložek
38%
OLYMPIACOS 7 Moroccan Ayoub El Kaabi
38%
AJAX 3 Burkinabe Bertrand Traoré
38%
OLYMPIQUE LYON 3 French Corentin Tolisso
38%
ROMA 2 Uzbek Eldor Shomurodov
38%
ROMA 1 Ivorian Evan Ndicka
38%
OLYMPIQUE LYON 4 Georgian Georges Mikautadze
38%
ATHLETIC CLUB 1 Spanish Gorka Guruzeta
38%
BODØ/GLIMT 2 Norwegian Jens Petter Hauge
38%
MANCHESTER UNITED 2 Dutch Joshua Zirkzee
38%
AJAX 5 Dutch Kenneth Taylor
38%
OLYMPIQUE LYON 6 Belgian Malick Fofana
38%
MANCHESTER UNITED 1 English Marcus Rashford
38%
PORTO 1 Brazilian Pepê
38%
BEŞIKTAŞ 2 Portuguese Rafa Silva
38%
PORTO 1 Brazilian Wanderson Galeno
38%
AJAX 1 Dutch Wout Weghorst
38%
FENERBAHÇE 6 Moroccan Youssef En-Nesyri
38%
ATHLETIC CLUB 1 Spanish Aitor Paredes
25%
FERENCVÁROS 6 Hungarian Barnabás Varga
25%
REAL SOCIEDAD 2 Spanish Brais Méndez
25%
BRAGA 2 Portuguese Bruma
25%
AJAX 1 English Chuba Akpom
25%
RANGERS 3 Nigerian Cyriel Dessers
25%
GALATASARAY 1 Colombian Davinson Sánchez
25%
GALATASARAY 1 Belgian Dries Mertens
25%
NICE 1 Ivorian Evann Guessand
25%
PORTO 1 Portuguese Fábio Vieira
25%
ROMA 1 Italian Gianluca Mancini
25%
ANDERLECHT 1 Danish Kasper Dolberg
25%
ROMA 1 Argentinian Leandro Paredes
25%
LAZIO 1 Spanish Mario Gila
25%
EINTRACHT FRANKFURT 2 German Mario Götze
25%
ROMA 1 German Mats Hummels
25%
GALATASARAY 2 Argentinian Mauro Icardi
25%
BEŞIKTAŞ 2 Kosovan Milot Rashica
25%
OLYMPIQUE LYON 2 Argentinian Nico Tagliafico
25%
BRAGA 1 Portuguese Ricardo Horta
25%
PORTO 1 Canadian Stephen Eustáquio
25%
LAZIO 4 Argentinian Taty Castellanos
25%
OLYMPIQUE LYON 1 Argentinian Thiago Almada
25%
AZ ALKMAAR 4 Irish Troy Parrott
25%
TOTTENHAM HOTSPUR 1 English Will Lankshear
25%
ATHLETIC CLUB 1 Spanish Yuri Berchiche
25%
ROMA 1 Turkish Zeki Çelik
25%
QARABAĞ 1 French Abdellah Zoubir
13%
PAOK 1 Ghanaian Abdoul Rahman Baba
13%
FCSB 2 Romanian Adrian Șut
13%
BRAGA 1 Moroccan Amine El Ouazzani
13%
REAL SOCIEDAD 3 Spanish Ander Barrenetxea
13%
ANDERLECHT 1 Danish Anders Dreyer
13%
PAOK 1 Serbian Andrija Živković
13%
EINTRACHT FRANKFURT 2 German Ansgar Knauff
13%
GALATASARAY 1 Turkish Barış Alper Yılmaz
13%
EINTRACHT FRANKFURT 1 Turkish Can Uzun
13%
OLYMPIQUE LYON 3 Ghanaian Ernest Nuamah
13%
PAOK 2 Russian Fedor Chalov
13%
ANDERLECHT 1 Belgian Francis Amuzu
13%
UNION SAINT-GILLOISE 3 Croatian Franjo Ivanović
13%
LAZIO 2 Danish Gustav Isaksen
13%
EINTRACHT FRANKFURT 3 Swedish Hugo Larsson
13%
NICE 2 Ivorian Jérémie Boga
13%
BEŞIKTAŞ 1 Portuguese João Mário
13%
ELFSBORG 1 Swedish Johan Larsson
13%
AJAX 1 Belgian Jorthy Mokio
13%
BODØ/GLIMT 7 Danish Kasper Høgh
13%
ANDERLECHT 1 Japanese Keisuke Goto
13%
UNION SAINT-GILLOISE 3 Argentinian Kevin Mac Allister
13%
PAOK 2 Bulgarian Kiril Despodov
13%
QARABAĞ 1 Cape Verdian Leandro Andrade
13%
ANDERLECHT 1 Swedish Ludwig Augustinsson
13%
ANDERLECHT 4 Argentinian Luis Vázquez
13%
REAL SOCIEDAD 2 Croatian Luka Sučić
13%
LAZIO 2 Italian Mattia Zaccagni
13%
AJAX 3 Belgian Mika Godts
13%
TOTTENHAM HOTSPUR 1 English Mikey Moore
13%
MACCABI TEL-AVIV 1 Serbian Nemanja Stojić
13%
PORTO 1 Spanish Nico González
13%
RANGERS 1 Belgian Nicolas Raskin
13%
ANDERLECHT 1 Ecuadorian Nilson Angulo
13%
NICE 1 Dutch Pablo Rosario
13%
UNION SAINT-GILLOISE 1 Canadian Promise David
13%
GALATASARAY 2 Hungarian Rolland Sallai
13%
OLYMPIACOS 2 Ukrainian Roman Yaremchuk
13%
AZ ALKMAAR 3 Dutch Ruben Van Bommel
13%
ANDERLECHT 1 English Samuel Edozie
13%
OLYMPIACOS 1 Argentinian Santiago Hezze
13%
ROMA 1 Saudi Saud Abdulhamid
13%
FENERBAHÇE 2 Polish Sebastian Szymański
13%
TWENTE 2 Dutch Sem Steijn
13%
REAL SOCIEDAD 1 Spanish Sergio Gómez
13%
BODØ/GLIMT 1 Norwegian Sondre Brunstad Fet
13%
PAOK 1 Austrian Stefan Schwab
13%
MALMÖ 1 Swedish Taha Ali
13%
PAOK 1 Brazilian Taison
13%
ANDERLECHT 1 Belgian Théo Leoni
13%
ANDERLECHT 1 Belgian Tristan Degreef
13%
BODØ/GLIMT 2 Norwegian Ulrik Saltnes
13%
ATHLETIC CLUB 1 Spanish Unai Gómez
13%
RANGERS 6 Czech Václav Černý
13%
BRAGA 1 Brazilian Vítor Carvalho
13%
ANDERLECHT 2 Belgian Yari Verschaeren
13%
GALATASARAY 5 Turkish Yunus Akgün
13%
GALATASARAY 1 Turkish Abdülkerim Bardakcı
0%
OLYMPIQUE LYON 1 Brazilian Abner Vinícius
0%
ATHLETIC CLUB 1 Spanish Adama Boiro
0%
MIDTJYLLAND 2 Polish Adam Buksa
0%
RFS 1 Finnish Adam Marhiev
0%
ELFSBORG 1 Swedish Ahmed Qasem
0%
LAZIO 3 Italian Alessio Romagnoli
0%
FENERBAHÇE 1 Ghanaian Alexander Djiku
0%
FCSB 1 Romanian Alexandru Băluţă
0%
MALMÖ 1 Danish Anders Christiansen
0%
BODØ/GLIMT 1 Norwegian Andreas Helmersen
0%
FCSB 1 Romanian Andrei Gheorghiță
0%
DYNAMO KYIV 2 Ukrainian Andriy Yarmolenko
0%
ROMA 2 Spanish Angeliño
0%
HOFFENHEIM 1 German Anton Stach
0%
BEŞIKTAŞ 1 Congolese Arthur Masuaku
0%
NICE 2 Algerian Badredine Bouanani
0%
ATHLETIC CLUB 1 Spanish Beñat Prados
0%
AJAX 1 Dutch Branco Van den Boomen
0%
PAOK 1 Spanish Brandon Thomas
0%
BODØ/GLIMT 1 Norwegian Brice Wembangomo
0%
FENERBAHÇE 1 Turkish Çağlar Söyüncü
0%
AJAX 1 Danish Christian Kjelder
0%
TWENTE 2 Dutch Daan Rots
0%
TOTTENHAM HOTSPUR 1 English Damola Ajayi
0%
TOTTENHAM HOTSPUR 1 English Dane Scarlett
0%
FCSB 3 Romanian Daniel Bîrligea
0%
VIKTORIA PLZEŇ 1 Czech Daniel Vašulín
0%
PORTO 1 English Danny Namaso
0%
MIDTJYLLAND 3 Chilean Darío Osorio
0%
FCSB 2 Romanian Darius Olaru
0%
FCSB 2 Romanian David Miculescu
0%
HOFFENHEIM 2 French David Mokwa
0%
AZ ALKMAAR 1 Norwegian David Wolfe
0%
PORTO 1 Swedish Deniz Gül
0%
AZ ALKMAAR 2 Dutch Denso Kasius
0%
EINTRACHT FRANKFURT 2 French Dina Ebimbe
0%
LUDOGORETS 1 Portuguese Dinis Almeida
0%
MACCABI TEL-AVIV 2 Israeli Dor Peretz
0%
MACCABI TEL-AVIV 1 Israeli Dor Turgeman
0%
MIDTJYLLAND 1 Zambian Edward Chilufya
0%
GALATASARAY 1 Danish Elias Jelert
0%
EINTRACHT FRANKFURT 1 Tunisian Ellyes Skhiri
0%
ELFSBORG 1 Danish Emil Holten
0%
MALMÖ 4 Norwegian Erik Botheim
0%
BEŞIKTAŞ 1 Albanian Ernest Muçi
0%
LAZIO 2 Nigerian Fisayo Dele-Bashiru
0%
FCSB 1 Romanian Florin Tănase
0%
PORTO 1 Portuguese Francisco Moura
0%
MIDTJYLLAND 1 Bissau-Guinean Franculino Djú
0%
BODØ/GLIMT 1 Norwegian Fredrik André Bjørkan
0%
MACCABI TEL-AVIV 1 Israeli Gavy Kanichowsky
0%
OLYMPIACOS 1 French Giulian Biancone
0%
TWENTE 1 Swedish Gustaf Lagerbielke
0%
ELFSBORG 1 Swedish Gustav Henriksson
0%
BODØ/GLIMT 3 Norwegian Håkon Evjen
0%
RANGERS 4 Moroccan Hamza Igamane
0%
MALMÖ 1 Swedish Hugo Bolin
0%
FERENCVÁROS 1 Ivorian Ibrahim Cissé
0%
MACCABI TEL-AVIV 1 Israeli Idan Nachmias
0%
PAOK 2 Greek Ioannis Konstantelias
0%
SLAVIA PRAHA 1 Slovak Ivan Schranz
0%
LUDOGORETS 1 Bulgarian Ivaylo Chochev
0%
RFS 1 Latvian Jānis Ikaunieks
0%
ATHLETIC CLUB 1 Spanish Javi Martón
0%
EINTRACHT FRANKFURT 1 French Jean Bahoya
0%
REAL SOCIEDAD 1 Spanish Jon Pacheco
0%
AZ ALKMAAR 1 Dutch Jordy Clasie
0%
FCSB 1 Cameroonian Joyskim Dawa
0%
QARABAĞ 1 Brazilian Juninho
0%
FERENCVÁROS 1 Brazilian Kady Borges
0%
AZ ALKMAAR 1 Dutch Kees Smit
0%
AJAX 3 Dutch Kian Fitz-Jim
0%
FERENCVÁROS 1 Norwegian Kristoffer Zachariassen
0%
LUDOGORETS 1 Swiss Kwadwo Duah
0%
RFS 1 Georgian Lasha Odisharia
0%
MALMÖ 1 Norwegian Lasser Johnsen
0%
LAZIO 1 French Loum Tchaouna
0%
VIKTORIA PLZEŇ 1 Czech Lukáš Červ
0%
ROMA 1 Spanish Mario Hermoso
0%
ANDERLECHT 1 Belgian Mario Stroeykens
0%
FCSB 1 Romanian Marius Ștefănescu
0%
SLAVIA PRAHA 1 Czech Matěj Jurásek
0%
VIKTORIA PLZEŇ 3 Czech Matěj Vydra
0%
HOFFENHEIM 1 German Max Moerstedt
0%
ELFSBORG 2 Ghanaian Michael Baidoo
0%
TWENTE 1 Dutch Michel Vlap
0%
VIKTORIA PLZEŇ 2 Czech Milan Havel
0%
NICE 1 French Mohamed Ali Cho
0%
FERENCVÁROS 1 Israeli Mohammad Abu Fani
0%
FERENCVÁROS 1 Tunisian Mohammed Ben Romdhane
0%
RANGERS 1 Ivorian Mohammed Diomandé
0%
UNION SAINT-GILLOISE 1 Ghanaian Mohammed Fuseini
0%
SLAVIA PRAHA 1 Czech Mojmír Chytil
0%
RANGERS 1 Albanian Nedim Bajrami
0%
ROMA 1 Italian Nicolò Pisilli
0%
ATHLETIC CLUB 1 Spanish Nico Serrano
0%
ELFSBORG 1 Swedish Niklas Hult
0%
BODØ/GLIMT 1 Norwegian Odin Luras Bjortuft
0%
DYNAMO KYIV 1 Ukrainian Oleksandr Pikhalyonok
0%
REAL SOCIEDAD 4 Icelandic Orri Óskarsson
0%
MACCABI TEL-AVIV 1 Israeli Osher Davida
0%
MIDTJYLLAND 2 Senegalese Osman Diao
0%
REAL SOCIEDAD 1 Spanish Pablo Marín
0%
VIKTORIA PLZEŇ 4 Czech Pavel Šulc
0%
AZ ALKMAAR 1 Dutch Peer Koopmeiners
0%
BODØ/GLIMT 2 Danish Philip Zinckernagel
0%
VIKTORIA PLZEŇ 3 Ghanaian Prince Adu
0%
VIKTORIA PLZEŇ 2 Nigerian Rafiu Durosinmi
0%
EINTRACHT FRANKFURT 1 Danish Rasmus Kristensen
0%
TWENTE 2 Dutch Ricky Van Wolfswinkel
0%
RFS 1 Latvian Roberts Savaļnieks
0%
HOFFENHEIM 1 Czech Robin Hranáč
0%
BRAGA 1 Portuguese Roger
0%
RANGERS 1 Northern Irish Ross McCausland
0%
UNION SAINT-GILLOISE 1 English Ross Sykes
0%
OLYMPIQUE LYON 1 Algerian Saïd Benrahma
0%
FERENCVÁROS 1 Brazilian Saldanha
0%
TWENTE 2 Dutch Sam Lammers
0%
TWENTE 1 Tunisian Sayf Ltaief
0%
AZ ALKMAAR 2 Japanese Seiya Maikuma
0%
BEŞIKTAŞ 1 Turkish Semih Kılıçsoy
0%
MALMÖ 1 Peruvian Sergio Peña
0%
BRAGA 1 Malian Sikou Niakité
0%
ELFSBORG 1 Swedish Simon Hedlund
0%
MALMÖ 1 Danish Søren Rieks
0%
AZ ALKMAAR 4 Dutch Sven Mijnans
0%
PAOK 1 Moroccan Tarik Tissoudali
0%
RANGERS 2 Welsh Thomas Lawrence
0%
PORTO 1 Portuguese Tiago Djaló
0%
LAZIO 1 Dutch Tijjani Noslin
0%
ELFSBORG 1 Kenyan Timothy Ouma
0%
SLAVIA PRAHA 4 Czech Tomáš Chorý
0%
HOFFENHEIM 1 German Tom Bischof
0%
QARABAĞ 1 Azerbaijani Tural Bayramov
0%
HOFFENHEIM 1 German Umut Tohumcu
0%
VIKTORIA PLZEŇ 2 Czech Václav Jemelka
0%
MIDTJYLLAND 2 Danish Valdemar Byskov
0%
HOFFENHEIM 1 French Valentin Gendrey
0%
BODØ/GLIMT 1 Danish Villads Nielsen
0%
DYNAMO KYIV 1 Ukrainian Vladyslav Kabaev
0%
DYNAMO KYIV 1 Ukrainian Vladyslav Vanat
0%
MACCABI TEL-AVIV 1 Brazilian Weslley Patati
0%
ATHLETIC CLUB 1 Spanish Yeray Álvarez
0%
FCSB 1 Italian Yuri Cisotti
0%
FENERBAHÇE 1 Turkish Yusuf Akçiçek
0%
RFS 1 Slovenian Žiga Lipušček
0%
No matching quizzes found
Score Distribution
Percent of People with Each Score
Percentile by Number Answered
Your Score History
You have not taken this quiz since the last reset